Country Deduction Puzzle #2 - Statistics

General Stats
  • This quiz has been taken 117 times
  • The average score is 5 of 8
Answer Stats
Answer % Correct
Canada
82%
Brazil
70%
China
70%
India
58%
Russia
48%
Australia
47%
Argentina
45%
United States
44%
No matching quizzes found
Score Distribution
Percent of People with Each Score
Percentile by Number Answered
Your Score History
You have not taken this quiz